[Event "Pinneberg-ch"]
[Site "Pinneberg"]
[Date "2016.10.13"]
[Round "7"]
[White "Schaefer, Hans"]
[Black "Linke, Harry"]
[Result "0-1"]
[WhiteElo "996"]
[BlackElo "1561"]
[PlyCount "38"]
[EventDate "2016.09.01"]
[EventType "swiss"]
[EventRounds "7"]
[EventCountry "GER"]
[SourceTitle "EXT 2018"]
[Source "ChessBase"]
[SourceDate "2017.10.13"]
[SourceVersion "1"]
[SourceVersionDate "2017.10.13"]
[SourceQuality "1"]

1. d4 d5 2. e3 Bf5 3. Bd3 Qd7 4. Nc3 e6 5. Bxf5 exf5 6. Nf3 Nc6 7. 0-0 0-0-0 8. a3 Nf6 9. b4 Ne4 10. Nxe4 dxe4 11. Nd2 Bd6 12. g3 h5 13. Nc4 g5 14. Nxd6+ Qxd6 15. c4 h4 16. Bb2 Qh6 17. c5 hxg3 18. h3 Qxh3 19. fxg3 Qxg3# 0-1

[Event "Pinneberg-ch"]
[Site "Pinneberg"]
[Date "2015.09.24"]
[Round "5"]
[White "Schaefer, Hans"]
[Black "Fluegge, Jan"]
[Result "1/2-1/2"]
[WhiteElo "955"]
[BlackElo "750"]
[PlyCount "53"]
[EventDate "2015.08.28"]
[EventType "swiss"]
[EventRounds "7"]
[EventCountry "GER"]
[SourceTitle "EXT 2017"]
[Source "ChessBase"]
[SourceDate "2016.10.25"]
[SourceVersion "1"]
[SourceVersionDate "2016.10.25"]
[SourceQuality "1"]

1. d4 d5 2. e3 Nf6 3. Be2 Nc6 4. Nf3 h6 5. 0-0 Bf5 6. c3 e6 7. Ne5 Nxe5 8. dxe5 Nd7 9. f4 g5 10. Nd2 gxf4 11. exf4 Rg8 12. g3 c5 13. Bb5 Qb6 14. Bxd7+ Kxd7 15. Rf2 c4 16. Nf3 Bc5 17. Nd4 Bg4 18. Qd2 Raf8 19. b4 Be7 20. a4 f6 21. Qe3 fxe5 22. Qxe5 Bf6 23. Qe3 e5 24. fxe5 Re8 25. a5 Qc7 26. Qxh6 Qxe5 27. Bf4 1/2-1/2

[Event "Pinneberg op Seniors 15th"]
[Site "Pinneberg"]
[Date "2014.??.??"]
[Round "3"]
[White "Bobzin, Volker"]
[Black "Schaefer, Hans"]
[Result "1-0"]
[WhiteElo "1418"]
[BlackElo "977"]
[PlyCount "61"]
[EventDate "2014.07.03"]
[EventType "swiss"]
[EventRounds "7"]
[EventCountry "GER"]
[SourceTitle "EXT 2017"]
[Source "ChessBase"]
[SourceDate "2016.10.25"]
[SourceVersion "1"]
[SourceVersionDate "2016.10.25"]
[SourceQuality "1"]

1. d4 e6 2. Bf4 d6 3. e3 Nd7 4. Nf3 Ne7 5. h3 Ng6 6. Bh2 Be7 7. Nbd2 0-0 8. Be2 h6 9. 0-0 Nb6 10. c3 d5 11. b3 Bd6 12. Qc2 Bxh2+ 13. Nxh2 c6 14. Bd3 Qe7 15. Bxg6 fxg6 16. Qxg6 Qf7 17. Qg3 Bd7 18. Ng4 Rae8 19. Nxh6+ Kh7 20. Nxf7 Rxf7 21. Nf3 Kg8 22. Ne5 Rf6 23. a4 Bc8 24. f4 Nd7 25. Rf3 Nxe5 26. dxe5 Rf5 27. Raf1 Bd7 28. Qg6 Re7 29. Qg3 Be8 30. Qh2 Bf7 31. g4 1-0

[Event "Pinneberg op Seniors 15th"]
[Site "Pinneberg"]
[Date "2014.??.??"]
[Round "1"]
[White "Ziehm, Holger"]
[Black "Schaefer, Hans"]
[Result "1-0"]
[WhiteElo "1678"]
[BlackElo "977"]
[PlyCount "81"]
[EventDate "2014.07.03"]
[EventType "swiss"]
[EventRounds "7"]
[EventCountry "GER"]
[SourceTitle "EXT 2017"]
[Source "ChessBase"]
[SourceDate "2016.10.25"]
[SourceVersion "1"]
[SourceVersionDate "2016.10.25"]
[SourceQuality "1"]

1. e4 e6 2. d4 d6 3. Nf3 Ne7 4. Nc3 Nd7 5. Bc4 Nb6 6. Bb3 Ng6 7. 0-0 Be7 8. Be3 0-0 9. Re1 a6 10. a4 Bd7 11. a5 Nc8 12. Qd2 Nh4 13. Nxh4 Bxh4 14. Rad1 c6 15. g3 Bf6 16. Ne2 d5 17. e5 Be7 18. c3 Qxa5 19. Bc2 Qd8 20. Qd3 f5 21. exf6 Bxf6 22. Qxh7+ Kf7 23. Bh6 Ke7 24. Bxg7 Bxg7 25. Qxg7+ Kd6 26. Qe5+ Ke7 27. Nf4 Rxf4 28. Qxf4 Qf8 29. Qxf8+ Kxf8 30. Re5 Nd6 31. Rh5 Ke7 32. Rh7+ Kf6 33. Rxd7 Nf5 34. Rxb7 a5 35. Rd3 Nd6 36. Rf3+ Kg5 37. Rg7+ Kh6 38. Rh7+ Kg5 39. h4+ Kg4 40. Rf4+ Kh3 41. Bd3 1-0

[Event "Pinneberg-ch"]
[Site "Pinneberg"]
[Date "2013.08.15"]
[Round "2"]
[White "Chaichi Tehrani, Fereydoon"]
[Black "Schaefer, Hans"]
[Result "1-0"]
[WhiteElo "1369"]
[BlackElo "1013"]
[PlyCount "78"]
[EventDate "2013.08.08"]
[EventType "swiss"]
[EventRounds "7"]
[EventCountry "GER"]
[SourceTitle "EXT 2017"]
[Source "ChessBase"]
[SourceDate "2016.10.25"]
[SourceVersion "1"]
[SourceVersionDate "2016.10.25"]
[SourceQuality "1"]

1. e4 e6 2. Nf3 d6 3. c3 Ne7 4. d4 Nd7 5. c4 Ng6 6. Nc3 Be7 7. d5 e5 8. Be3 0-0 9. Qb3 b6 10. 0-0-0 Nc5 11. Bxc5 dxc5 12. g3 f5 13. h4 Bf6 14. h5 Ne7 15. Nh4 Bg5+ 16. Kb1 f4 17. Nb5 Bxh4 18. Rxh4 a6 19. d6 axb5 20. cxb5+ Kh8 21. dxe7 Qxe7 22. Bc4 Rf6 23. Rdh1 Be6 24. g4 Bxc4 25. Qxc4 Qd6 26. g5 Re6 27. R4h3 Rae8 28. Rd3 Qf8 29. Rd7 Rd6 30. Rxc7 Rd4 31. Qe2 f3 32. Qc2 Red8 33. h6 g6 34. Qb3 Rxe4 35. Qe6 Re8 36. Qxb6 Rd4 37. Qb7 Qf5+ 38. Ka1 Red8 39. Rxh7+ Kg8 1-0

[Event "Pinneberg-ch"]
[Site "Pinneberg"]
[Date "2013.08.08"]
[Round "1"]
[White "Schaefer, Hans"]
[Black "Ridinger, Peter"]
[Result "0-1"]
[WhiteElo "1013"]
[BlackElo "1972"]
[PlyCount "54"]
[EventDate "2013.08.08"]
[EventType "swiss"]
[EventRounds "7"]
[EventCountry "GER"]
[SourceTitle "EXT 2017"]
[Source "ChessBase"]
[SourceDate "2016.10.25"]
[SourceVersion "1"]
[SourceVersionDate "2016.10.25"]
[SourceQuality "1"]

1. d4 d6 2. e3 g6 3. Be2 Bg7 4. Nf3 Nf6 5. 0-0 0-0 6. c4 Nc6 7. b3 e5 8. Bb2 Nd7 9. d5 Ne7 10. Nc3 f5 11. Qd2 Nf6 12. Ng5 h6 13. Ne6 Bxe6 14. dxe6 c6 15. Rad1 Ne8 16. f4 Qc7 17. g3 e4 18. Nb1 Bxb2 19. Qxb2 Ng7 20. Qd4 d5 21. Kf2 Nxe6 22. Qe5 Qxe5 23. fxe5 Rad8 24. Nc3 d4 25. exd4 Nxd4 26. Ke3 Nc2+ 27. Kf4 g5# 0-1

[Event "Pinneberg-ch"]
[Site "Pinneberg"]
[Date "2012.09.20"]
[Round "6"]
[White "Schaefer, Hans"]
[Black "Metzner, Arne"]
[Result "1/2-1/2"]
[WhiteElo "1069"]
[BlackElo "1527"]
[PlyCount "33"]
[EventDate "2012.08.16"]
[EventType "swiss"]
[EventRounds "7"]
[EventCountry "GER"]
[SourceTitle "EXT 2013"]
[Source "ChessBase"]
[SourceDate "2012.11.22"]
[SourceVersion "1"]
[SourceVersionDate "2012.11.22"]
[SourceQuality "1"]

1. d4 d5 2. e3 Nf6 3. Nf3 Bg4 4. Be2 Nc6 5. 0-0 Qd6 6. c4 dxc4 7. Bxc4 e6 8. Nbd2 Be7 9. Qe1 h6 10. h3 Bf5 11. Nh4 Bh7 12. Qe2 0-0 13. Bd3 Bxd3 14. Qxd3 Nb4 15. Qc4 Rac8 16. a3 Nc6 17. Nhf3 1/2-1/2

[Event "Pinneberg-ch"]
[Site "Pinneberg"]
[Date "2012.09.06"]
[Round "4"]
[White "Buschhaus, Ralf"]
[Black "Schaefer, Hans"]
[Result "1/2-1/2"]
[WhiteElo "1204"]
[BlackElo "1069"]
[PlyCount "56"]
[EventDate "2012.08.16"]
[EventType "swiss"]
[EventRounds "7"]
[EventCountry "GER"]
[SourceTitle "EXT 2013"]
[Source "ChessBase"]
[SourceDate "2012.11.22"]
[SourceVersion "1"]
[SourceVersionDate "2012.11.22"]
[SourceQuality "1"]

1. d4 e6 2. Nf3 d6 3. e3 Nd7 4. Bd3 Ne7 5. c4 c6 6. Bd2 g6 7. Nc3 Bg7 8. 0-0 0-0 9. b4 e5 10. Re1 d5 11. dxe5 Nxe5 12. Nxe5 Bxe5 13. c5 Bf5 14. Qc2 Qd7 15. g4 Bxd3 16. Qxd3 Qc7 17. Rac1 f5 18. f4 Bg7 19. g5 h6 20. h4 hxg5 21. hxg5 Kf7 22. Kf2 Rh8 23. Rh1 Rag8 24. Qf1 Rxh1 25. Qxh1 Rh8 26. Qg2 Qd8 27. Ne2 d4 28. e4 d3 1/2-1/2

[Event "Pinneberg-ch"]
[Site "Pinneberg"]
[Date "2011.08.25"]
[Round "2"]
[White "Hotze, Kurt"]
[Black "Schaefer, Hans"]
[Result "1-0"]
[WhiteElo "1627"]
[BlackElo "1205"]
[PlyCount "65"]
[EventDate "2011.08.18"]
[EventType "swiss"]
[EventRounds "7"]
[EventCountry "GER"]
[SourceTitle "CBM 144 Extra"]
[Source "ChessBase"]
[SourceDate "2011.10.28"]
[SourceVersion "1"]
[SourceVersionDate "2011.10.28"]
[SourceQuality "1"]

1. e4 b6 2. d4 e6 3. c4 Bb4+ 4. Nc3 Bb7 5. d5 e5 6. Qg4 Bxc3+ 7. bxc3 g6 8. Bg5 f6 9. Be3 d6 10. Bd3 Bc8 11. Qg3 Nd7 12. Ne2 Nc5 13. Bc2 Qd7 14. h3 Qf7 15. 0-0 h5 16. f4 Bd7 17. fxe5 dxe5 18. a4 0-0-0 19. Bxc5 bxc5 20. Qxe5 fxe5 21. Rxf7 Nh6 22. Rf6 Kb7 23. Rb1+ Ka8 24. Rxg6 Rdg8 25. Rxg8+ Rxg8 26. Kh2 Nf7 27. Nc1 Nd6 28. Nd3 Nxe4 29. Nxe5 Nxc3 30. Rb3 Nxa4 31. Nxd7 Nb6 32. Nxc5 Nxc4 33. Na6 1-0

[Event "Pinneberg op Seniors 11th"]
[Site "Pinneberg"]
[Date "2010.06.24"]
[Round "1"]
[White "Berking, Bernhard"]
[Black "Schaefer, Hans"]
[Result "1-0"]
[WhiteElo "1517"]
[BlackElo "1192"]
[PlyCount "83"]
[EventDate "2010.06.24"]
[EventType "swiss"]
[EventRounds "7"]
[EventCountry "GER"]
[SourceTitle "EXT 2011"]
[Source "ChessBase"]
[SourceDate "2010.11.26"]
[SourceVersion "1"]
[SourceVersionDate "2010.11.26"]
[SourceQuality "1"]

1. e4 e6 2. d4 d5 3. e5 c5 4. c3 cxd4 5. cxd4 Nc6 6. Nf3 Bb4+ 7. Bd2 Qa5 8. a3 Bxd2+ 9. Qxd2 Qxd2+ 10. Nbxd2 Nge7 11. Rc1 0-0 12. Nb3 b6 13. Bb5 Bb7 14. 0-0 a6 15. Bd3 a5 16. Nbd2 Ba6 17. Rc3 Bxd3 18. Rxd3 a4 19. Nb1 Na5 20. Nfd2 Nc4 21. b4 b5 22. f4 Rfc8 23. g4 Nxd2 24. Nxd2 f5 25. gxf5 Nxf5 26. Nf3 Ra6 27. Kg2 Rc2+ 28. Rf2 Rxf2+ 29. Kxf2 Rc6 30. Ke2 Rc2+ 31. Kd1 Rc6 32. Kd2 g6 33. Rc3 Rc4 34. Rxc4 dxc4 35. Kc3 Kf7 36. Nd2 Ne3 37. Ne4 Nd5+ 38. Kd2 Ke7 39. Nd6 Nxf4 40. Nxb5 Nd5 41. Nd6 g5 42. Nxc4 1-0